| 000 | 00468nam a2200169Ia 4500 | ||
|---|---|---|---|
| 008 | 230718s9999 xx 000 0 und d | ||
| 020 | _a9788126516575 | ||
| 041 | _aeng | ||
| 082 |
_a621.395 _bBAK |
||
| 100 | _aBaker R.J. | ||
| 245 |
_aCMOS Mixed-Signal Circuit Design _bVolume II of CMOS: Circuit Design, Layout, And Simulation |
||
| 260 |
_c2014 _bWiley |
||
| 300 | _a501 | ||
| 365 |
_cRs. _b429.00 |
||
| 700 | _aBaker R.J. | ||
| 906 |
_dB:771813-Feb-2009 _cETC |
||
| 999 |
_c321077 _d321077 |
||